Saunders comprehensive veterinary dictionary (Record no. 83945)

MARC details
000 -LEADER
fixed length control field 00725 a2200241 4500
003 - CONTROL NUMBER IDENTIFIER
control field CBULib
005 - DATE AND TIME OF LATEST TRANSACTION
control field 20240111102500.0
008 - FIXED-LENGTH DATA ELEMENTS--GENERAL INFORMATION
fixed length control field 240111b |||||||| |||| 00| 0 eng d
020 ## - INTERNATIONAL STANDARD BOOK NUMBER
International Standard Book Number 9780702074639
040 ## - CATALOGING SOURCE
Language of cataloging English
Transcribing agency CBULib
Description conventions rda
041 ## - LANGUAGE CODE
Language code of text/sound track or separate title eng
050 ## - LIBRARY OF CONGRESS CALL NUMBER
Classification number SF 609 Stu
100 ## - MAIN ENTRY--PERSONAL NAME
Personal name Studdert, Virginia
245 ## - TITLE STATEMENT
Title Saunders comprehensive veterinary dictionary
Statement of responsibility, etc / by V.P.Studdert; C.C.Gay and K.W.Hinchcliff
250 ## - EDITION STATEMENT
Edition statement Fifth edition
260 ## - PUBLICATION, DISTRIBUTION, ETC. (IMPRINT)
Name of publisher, distributor, etc Elsevier,
Date of publication, distribution, etc 2021
Place of publication, distribution, etc Missouri :
300 ## - PHYSICAL DESCRIPTION
Extent xvii, 1319 pages : illustrations
336 ## - CONTENT TYPE
Source rdacontent
Content type term Text |
Content type code txt
337 ## - MEDIA TYPE
Source rdamedia
Media type term Unmediated |
Media type code n
338 ## - CARRIER TYPE
Source rdacarrier
Carrier type term Volume
Carrier type code nc
650 #0 - SUBJECT ADDED ENTRY--TOPICAL TERM
9 (RLIN) 325
Topical term or geographic name as entry element VETERINARY MEDICINE
942 ## - ADDED ENTRY ELEMENTS (KOHA)
Source of classification or shelving scheme
Koha item type MONOGRAPH
Holdings
Withdrawn status Lost status Source of classification or shelving scheme Damaged status Not for loan Collection code Permanent Location Current Location Shelving location Date acquired Source of acquisition Cost, normal purchase price Full call number Barcode Date last seen Copy number Price effective from Koha item type
          Michael Chilufya Sata Collection CBU-MICHAEL CHILUFYA SATA LIBRARY CBU-MAIN LIBRARY, KITWE. General Stacks 01/11/2024 DON-BOOKAID 99.33 SF 609 Stu 905681 01/11/2024 1 01/11/2024 MONOGRAPH
          Medical Library Collection CBU-SCHOOL OF MEDICINE LIBRARY, NDOLA. CBU-MAIN LIBRARY, KITWE. General Stacks 01/11/2024 DON-BOOKAID 99.33 SF 609 Stu 905682 01/11/2024 2 01/11/2024 MONOGRAPH